书目信息 |
| 题名: |
提高水果型黄瓜商品性栽培技术问答
|
|
| 作者: | 王新文 编著 | |
| 分册: | ||
| 出版信息: | 北京 金盾出版社 2012 |
|
| 页数: | 109页 | |
| 开本: | 21cm | |
| 丛书名: | 果蔬商品生产新技术丛书 | |
| 单 册: | ||
| 中图分类: | S642.2 | |
| 科图分类: | ||
| 主题词: | 黄瓜--蔬菜园艺--基本知识 , 黄瓜 , 蔬菜园艺 | |
| 电子资源: | ||
| ISBN: | 978-7-5082-7100-2 | |
| 000 | 01019oam2 2200289 450 | |
| 001 | 2356067424 | |
| 005 | 20231211153447.52 | |
| 010 | @a978-7-5082-7100-2@dCNY 8.00 | |
| 090 | @aS642@bwxw | |
| 096 | @aS642@bwxw | |
| 100 | @a20120105d2012 em y0chiy0120 ea | |
| 101 | 0 | @achi |
| 102 | @aCN@b110000 | |
| 105 | @aa z 000yy | |
| 200 | 1 | @a提高水果型黄瓜商品性栽培技术问答@b专著@f王新文编著@Ati gao shui guo xing huang gua shang pin xing zai pei ji shu wen da |
| 210 | @a北京@c金盾出版社@d2012 | |
| 215 | @a109页@c照片@d21cm | |
| 225 | 2 | @a果蔬商品生产新技术丛书 |
| 330 | @a本书以问答方式对如何提高水果型黄瓜商品性的栽培技术作了通俗和较精确的解答。内容包括水果型黄瓜主栽优良品种,嫁接优良砧木品种,穴盘嫁接育苗,黄瓜茬次安排,定植前的准备及定植技术等。 | |
| 410 | 0 | @1001004247442 |
| 606 | 0 | @a黄瓜@x蔬菜园艺@x基本知识 |
| 606 | 0 | @a黄瓜 |
| 606 | 0 | @a蔬菜园艺 |
| 690 | @aS642.2@v5 | |
| 701 | 0 | @a王新文@c(农业技术)@4编著@Awang xin wen |
| 801 | 2 | @aCN@b辽宁北配@c20231205 |
| 905 | @aZUCC@dS642.2@e126 | |
| 提高水果型黄瓜商品性栽培技术问答/王新文编著.-北京:金盾出版社,2012 |
| 109页:照片;21cm.-(果蔬商品生产新技术丛书) |
| ISBN 978-7-5082-7100-2:CNY 8.00 |
| 本书以问答方式对如何提高水果型黄瓜商品性的栽培技术作了通俗和较精确的解答。内容包括水果型黄瓜主栽优良品种,嫁接优良砧木品种,穴盘嫁接育苗,黄瓜茬次安排,定植前的准备及定植技术等。 |
| ● |
| 相关链接 |
|
|
|
正题名:提高水果型黄瓜商品性栽培技术问答
索取号:S642.2/126
 
预约/预借
| 序号 | 登录号 | 条形码 | 馆藏地/架位号 | 状态 | 备注 |
| 1 | 2001536866 | 2001536866 | 319书库/ [索取号:S642.2/126] | 在馆 | |
| 2 | 2001536867 | 2001536867 | 319书库/ [索取号:S642.2/126] | 在馆 | |
| 3 | 2001536868 | 2001536868 | 319书库/ [索取号:S642.2/126] | 在馆 | |
| 4 | 2001536869 | 2001536869 | 319书库/ [索取号:S642.2/126] | 在馆 | |
| 5 | 2001536870 | 2001536870 | 319书库/ [索取号:S642.2/126] | 在馆 | |
| 6 | 2001536871 | 2001536871 | 319书库/ [索取号:S642.2/126] | 在馆 | |
| 7 | 2001536872 | 2001536872 | 319书库/ [索取号:S642.2/126] | 在馆 | |
| 8 | 2001536873 | 2001536873 | 319书库/ [索取号:S642.2/126] | 在馆 | |
| 9 | 2001536874 | 2001536874 | 319书库/ [索取号:S642.2/126] | 在馆 | |
| 10 | 2001536875 | 2001536875 | 319书库/ [索取号:S642.2/126] | 在馆 | |
| 11 | 2001536876 | 2001536876 | 319书库/ [索取号:S642.2/126] | 在馆 | |
| 12 | 2001536877 | 2001536877 | 319书库/ [索取号:S642.2/126] | 在馆 | |
| 13 | 2001536878 | 2001536878 | 319书库/ [索取号:S642.2/126] | 在馆 | |
| 14 | 2001536879 | 2001536879 | 319书库/ [索取号:S642.2/126] | 在馆 | |
| 15 | 2001536880 | 2001536880 | 319书库/ [索取号:S642.2/126] | 在馆 | |
| 16 | 2001536881 | 2001536881 | 319书库/ [索取号:S642.2/126] | 在馆 | |
| 17 | 2001536882 | 2001536882 | 319书库/ [索取号:S642.2/126] | 在馆 | |
| 18 | 2001536883 | 2001536883 | 319书库/ [索取号:S642.2/126] | 在馆 | |
| 19 | 2001536884 | 2001536884 | 319书库/ [索取号:S642.2/126] | 在馆 | |
| 20 | 2001536885 | 2001536885 | 319书库/ [索取号:S642.2/126] | 在馆 | |
| 21 | 2001536886 | 2001536886 | 319书库/ [索取号:S642.2/126] | 在馆 | |
| 22 | 2001536887 | 2001536887 | 319书库/ [索取号:S642.2/126] | 在馆 | |
| 23 | 2001536888 | 2001536888 | 319书库/ [索取号:S642.2/126] | 在馆 | |
| 24 | 2001536889 | 2001536889 | 319书库/ [索取号:S642.2/126] | 在馆 | |
| 25 | 2001536890 | 2001536890 | 315书库/ [索取号:S642.2/126] | 在馆 | |
| 26 | 2001536891 | 2001536891 | 315书库/ [索取号:S642.2/126] | 在馆 | |
| 27 | 2001536892 | 2001536892 | 315书库/ [索取号:S642.2/126] | 在馆 | |
| 28 | 2001536893 | 2001536893 | 315书库/ [索取号:S642.2/126] | 在馆 | |
| 29 | 2001536894 | 2001536894 | 315书库/ [索取号:S642.2/126] | 在馆 | |
| 30 | 2001536895 | 2001536895 | 315书库/ [索取号:S642.2/126] | 在馆 |